00718nam a2200205 450000500170000001000150001702000260003203500140005803700090007208200140008110000400009524500760013525000060021126000440021727000550026130000210031694200280033799900190036595201280038420260409121639.0 aENG-148204 a9789393785039c300.00 aEN-131736 aDBAD 21a899.15 aSiddiqui, Prof. Mazher Alam 988842 aGlimpses of Persian Language and LiteraturecProf. Mazher Alam Siddiqui a1 aDaryaganjbEducational Publishing House aH.O D1/16 Ansari Road, Daryaganj, New Delhi-110002 a138.pgc22cm(Hb) 2ddccENe1h899.15mSID c215836d215836 00104070aDBADbDBADd2026-04-09eDBAD g300.00l0o899.15 SIDpEN-131736r2026-04-09 12:23:18t1v300.00w2026-04-09yEN